Profesionalizmus - amaterizmus??? Zákonité otázky okolo vývojových premien, nových podôb a vzťahov divadla

Bibliographic Details
Main Author: Martínek, Karel, 1925-2001 (Author)
Format: Article
Language:Slovak
Subjects:

MARC

LEADER 00000nab a2200000 a 4500
001 vtls000215507
003 SK-MaSNL
005 20260304053508.0
008 250422c1985 xo 0 slo
015 |a SNBRB19rr/mm-uuuuu 
035 |a CL0225621 
035 |a urn:nbn:sk:snk-abdmft 
035 |a (urnnbn)urn:nbn:sk:snk:ar-000zrc 
035 |a (uuid)84f8012e-7e51-4358-bb41-396e82e96f2f 
040 |a SNKBUCL  |b slo  |c SNKBUCL  |e AACR2 
041 0 |a slo 
044 |a xo  |c SK 
080 |a 792.01  |2 1981 
100 1 |a Martínek, Karel,  |d 1925-2001  |4 aut  |9 177391 
245 1 0 |a Profesionalizmus - amaterizmus???  |b Zákonité otázky okolo vývojových premien, nových podôb a vzťahov divadla  |c Karel Martínek 
650 0 7 |a divadlo  |2 snkbucl  |9 3335 
655 7 |a články z novín a časopisov  |2 snkbucl  |9 267496 
773 0 |t Javisko  |g Roč. 17, č. 5 (1985), s. 250-255 
850 |a Slovenská národná knižnica 
852 |a Slovenská národná knižnica 
954 |a odborná, vedecká literatúra pôvodná (slovenská)  |2 lita 
958 |a article19 
958 |a OND 
958 |a RK 
958 |a EUIPO 
992 |a RBX 
999 |c 2713639  |d 2715569